01009nam a2200217Ia 4500003000400000005001700004008004100021020001800062040002100080041000800101082001400109100002100123245010800144260003300252300006700285490002200352500009800374520026500472650002300737700003100760OSt20200713213628.0191128s2016 ck a br 000 f spa d a9789588954332 aCO-JMCRcCO-JMCR aspa04aN /bICIi1 aIcinori, eautor10aIssun Bôshi : bel niño que no era más alto que un pulgar / cIcinori ; traducción Teresa Duran14aBogotá : bEkaré, c2016 b ilustraciones a color : a30 páginas sin numerar ; c33 cm.0 aLeer es mi cuento aPlan Nacional de Lectura y Escritura. Leer es mi cuento. Recomendado apartir de los 6 años. aHabía una pareja de campesinos que no tenía hijos. Todos los días, se alentaban cantando: "Queremos un hijo nuestro, aunque sea chiquitín. Lo amaremos pequeño, pequeñito, pequeñín…". Su deseo se cumplió. Al niño lo llamaron Issun Bôshi.14aCuentos infantiles aDuran, Teresa,etraductora